[Event "Brok, OSW Rzemieslnik"]
[Site "Brok, OSW Rzemieslnik"]
[Date "2014.??.??"]
[Round "1.1"]
[White "Piotrowicz, Jakub"]
[Black "Laszczak, Przemyslaw"]
[Result "0-1"]
[WhiteElo "1470"]
[BlackElo "1710"]
[PlyCount "83"]
[EventDate "2014.??.??"]

1. d4 d5 2. c4 c6 3. Nc3 Nf6 4. Nf3 e6 5. Bg5 Nbd7 6. e3 Qa5 7. a3 Ne4 8. Qc2
Bb4 9. Rc1 Bxc3+ 10. bxc3 Nxg5 11. Nxg5 h6 12. Nxe6 fxe6 13. Qg6+ Kf8 14. Qxe6
Qxa3 15. Qf5+ Nf6 16. Qc2 Bf5 17. Qd1 g6 18. f3 Re8 19. Qd2 Kg7 20. g4 Rxe3+
21. Qxe3 Re8 22. Qxe8 Qxc1+ 23. Kf2 Nxe8 24. gxf5 Qxc3 25. cxd5 Qxd4+ 26. Ke2
Qe5+ 27. Kf2 Qxf5 28. Rg1 Qxd5 29. Kg2 a5 30. Be2 Qd2 31. Kf2 a4 32. Rd1 Qf4
33. Rd7+ Kf8 34. Rxb7 Qxh2+ 35. Ke1 Qg1+ 36. Kd2 Qd4+ 37. Bd3 a3 38. Ke2 a2 39.
Bxg6 a1=Q 40. Rf7+ Kg8 41. Rg7+ Kxg7 42. Bxe8 0-1

[Event "Brok, OSW Rzemieslnik"]
[Site "Brok, OSW Rzemieslnik"]
[Date "2014.??.??"]
[Round "1.2"]
[White "Maminski, Hubert"]
[Black "Opoka, Szymon"]
[Result "1-0"]
[WhiteElo "1704"]
[BlackElo "1256"]
[PlyCount "49"]
[EventDate "2014.??.??"]

1. d4 Nf6 2. c4 e6 3. Nc3 b6 4. e4 d6 5. Bd3 Bb7 6. Nf3 Be7 7. Bf4 Nbd7 8. O-O
O-O 9. Qc2 c5 10. d5 e5 11. Bc1 Re8 12. Ne1 h6 13. f4 Ba6 14. Nf3 exf4 15. Bxf4
g5 16. Bg3 Ng4 17. Qe2 f6 18. Nxg5 fxg5 19. Qxg4 Rf8 20. Qe6+ Kh8 21. Qxh6+ Kg8
22. e5 Rf7 23. Rxf7 Kxf7 24. Bg6+ Kg8 25. Qh7+ 1-0

[Event "Brok, OSW Rzemieslnik"]
[Site "Brok, OSW Rzemieslnik"]
[Date "2014.??.??"]
[Round "1.3"]
[White "Kowalski, Bogdan"]
[Black "Jarzebowski, Kacper"]
[Result "0-1"]
[WhiteElo "1227"]
[BlackElo "1670"]
[PlyCount "90"]
[EventDate "2014.??.??"]

1. e4 c5 2. Nf3 a6 3. Nc3 e6 4. Bc4 b5 5. Be2 Bb7 6. d3 Nf6 7. Bg5 Be7 8. O-O
h6 9. Bxf6 Bxf6 10. e5 Be7 11. Re1 Qc7 12. g3 Nc6 13. Bf1 O-O 14. Bg2 Rac8 15.
Qd2 f6 16. exf6 Bxf6 17. Rab1 Nd4 18. Ne4 Nxf3+ 19. Bxf3 Bxb2 20. Rxb2 Rxf3 21.
Qe2 Rcf8 22. Reb1 Bxe4 23. dxe4 c4 24. Rf1 Qc5 25. Rbb1 h5 26. Ra1 h4 27. a4 b4
28. Kg2 hxg3 29. hxg3 a5 30. Rac1 Qc6 31. Ra1 d6 32. Rh1 Rxf2+ 33. Qxf2 Qxe4+
34. Kg1 Qxh1+ 35. Kxh1 Rxf2 36. Ra2 b3 37. Rb2 bxc2 38. Rxc2 Rxc2 39. Kg1 Rd2
40. Kf1 c3 41. g4 e5 42. g5 e4 43. g6 e3 44. Ke1 c2 45. Kf1 c1=R# 0-1

[Event "Brok, OSW Rzemieslnik"]
[Site "Brok, OSW Rzemieslnik"]
[Date "2014.??.??"]
[Round "1.4"]
[White "Fus, Jakub"]
[Black "Jordan, Adam"]
[Result "1-0"]
[WhiteElo "1558"]
[BlackElo "1186"]
[PlyCount "63"]
[EventDate "2014.??.??"]

1. d4 Nf6 2. c4 g6 3. Nc3 Bg7 4. e4 d6 5. f3 O-O 6. Be3 Nc6 7. Nge2 e5 8. d5
Ne7 9. Qd2 Ne8 10. g4 f5 11. gxf5 gxf5 12. O-O-O f4 13. Bf2 Ng6 14. h4 h5 15.
Bh3 Bxh3 16. Rxh3 Bf6 17. Rg1 Kh7 18. Qe1 Rg8 19. Rh2 Ng7 20. Kb1 Qe7 21. Nc1
Qd8 22. Nd3 Qe7 23. a3 a5 24. b3 Qd8 25. Ne2 Qe7 26. Kb2 Qd8 27. Qf1 Nxh4 28.
Bxh4 Bxh4 29. Qg2 Qf6 30. Rxh4 Qxh4 31. Qg6+ Kh8 32. Qh6# 1-0

[Event "Brok, OSW Rzemieslnik"]
[Site "Brok, OSW Rzemieslnik"]
[Date "2014.10.06"]
[Round "2.1"]
[White "Laszczak, Przemyslaw"]
[Black "Fus, Jakub"]
[Result "1-0"]
[WhiteElo "1710"]
[BlackElo "1558"]
[PlyCount "75"]
[EventDate "2014.??.??"]

1. d4 Nf6 2. c4 g6 3. Nc3 Bg7 4. e4 d6 5. Nf3 O-O 6. Be2 e5 7. O-O Nbd7 8. Be3
Ng4 9. Bg5 f6 10. Bd2 Nh6 11. Qc2 c6 12. Rad1 Qe7 13. Rfe1 Re8 14. a3 Nf7 15.
Bf1 Nf8 16. h3 h5 17. b4 g5 18. Be3 Ng6 19. d5 Nf4 20. c5 Rd8 21. dxc6 bxc6 22.
cxd6 Nxd6 23. Bc5 Ne6 24. Bxd6 Rxd6 25. Rxd6 Qxd6 26. Rd1 Qe7 27. Na4 g4 28.
hxg4 hxg4 29. Nh4 Nd4 30. Bc4+ Kh7 31. Rxd4 exd4 32. e5+ f5 33. Nxf5 Bxf5 34.
Qxf5+ Kh6 35. Bd3 Qe8 36. g3 Bxe5 37. Qh7+ Kg5 38. Qh4# 1-0

[Event "Brok, OSW Rzemieslnik"]
[Site "Brok, OSW Rzemieslnik"]
[Date "2014.??.??"]
[Round "2.2"]
[White "Hrymowicz, Artur"]
[Black "Maminski, Hubert"]
[Result "1-0"]
[WhiteElo "1554"]
[BlackElo "1704"]
[PlyCount "123"]
[EventDate "2014.??.??"]

1. e4 c6 2. d4 d5 3. exd5 cxd5 4. Bd3 Nc6 5. c3 Nf6 6. Bf4 e6 7. Nf3 Bd6 8.
Bxd6 Qxd6 9. O-O O-O 10. Re1 a6 11. Nbd2 Bd7 12. Ne5 Rac8 13. Ndf3 Ne7 14. Qb3
Bc6 15. Nxc6 Qxc6 16. Ne5 Qc7 17. f4 Nd7 18. Qc2 Nxe5 19. fxe5 h6 20. Re3 f5
21. exf6 Rxf6 22. Rae1 Qd6 23. Qe2 Rc6 24. Qg4 b5 25. Qh5 Qd7 26. Qe5 Nf5 27.
Rf3 Qf7 28. Bxf5 Rxf5 29. Rxf5 exf5 30. Qe8+ Qxe8 31. Rxe8+ Kf7 32. Re5 Re6 33.
Rxf5+ Kg8 34. Kf2 Rd6 35. Ke3 g6 36. Rf3 Kg7 37. h4 Re6+ 38. Kf2 h5 39. Re3 Rd6
40. Re5 Kf6 41. Kf3 Rd8 42. g4 hxg4+ 43. Kxg4 Rd6 44. h5 gxh5+ 45. Rxh5 Kg6 46.
Re5 Kf6 47. Re8 Kf7 48. Rh8 Kg7 49. Ra8 Kg6 50. Kf4 Kf6 51. Rf8+ Kg7 52. Rf5
Rd8 53. Ke5 Re8+ 54. Kxd5 Re2 55. Kc6 Rxb2 56. d5 Rc2 57. d6 Rxc3+ 58. Rc5 Rd3
59. Rd5 Rc3+ 60. Kb7 Rf3 61. d7 Rf7 62. Kxa6 1-0

[Event "Brok, OSW Rzemieslnik"]
[Site "Brok, OSW Rzemieslnik"]
[Date "2014.??.??"]
[Round "2.3"]
[White "Jarzebowski, Kacper"]
[Black "Zolkiewski, Jakub"]
[Result "1-0"]
[WhiteElo "1670"]
[BlackElo "1517"]
[PlyCount "141"]
[EventDate "2014.??.??"]

1. e4 e6 2. Nf3 d5 3. Nc3 Nf6 4. e5 Nfd7 5. d4 c5 6. dxc5 Bxc5 7. Bd3 Nc6 8.
Qe2 f6 9. exf6 Nxf6 10. Bf4 a6 11. O-O O-O 12. Bg3 Bd6 13. Rfe1 Bxg3 14. hxg3
Re8 15. Rad1 Qc7 16. Ne5 Nxe5 17. Qxe5 Qxe5 18. Rxe5 Bd7 19. f3 Kf7 20. Rde1
Bc6 21. Ne2 Nd7 22. Rh5 Nf6 23. Rg5 e5 24. Nc3 e4 25. fxe4 dxe4 26. Bc4+ Kf8
27. Rf5 Ke7 28. Nd5+ Ke6 29. Ne3+ Kd7 30. Rd1+ Kc7 31. Kf2 Rad8 32. Rxd8 Rxd8
33. Ke2 h6 34. Re5 Rd7 35. g4 b5 36. Bb3 Kd6 37. Re6+ Kc7 38. g3 Kb7 39. Re5
Kc7 40. g5 hxg5 41. Rxg5 Kb8 42. c3 Kb7 43. Nf5 Ne8 44. Nd4 Kc7 45. Rc5 Rd6 46.
Ke3 Nf6 47. Bc2 Kb6 48. Rxc6+ Rxc6 49. Nxc6 Kxc6 50. Bxe4+ Kc5 51. Kf4 a5 52.
g4 b4 53. cxb4+ Kxb4 54. g5 Nxe4 55. Kxe4 Kc4 56. g6 Kc5 57. Ke5 Kc4 58. Ke6
Kd3 59. Kd5 Ke3 60. b3 Kf4 61. Ke6 Ke4 62. a3 Kd4 63. b4 a4 64. Kf7 Kc4 65.
Kxg7 Kb3 66. b5 Kxa3 67. b6 Ka2 68. b7 a3 69. b8=Q Ka1 70. Qb3 a2 71. Qxa2+ 1-0

[Event "Brok, OSW Rzemieslnik"]
[Site "Brok, OSW Rzemieslnik"]
[Date "2014.10.06"]
[Round "2.4"]
[White "Jordan, Adam"]
[Black "Piotrowicz, Jakub"]
[Result "0-1"]
[WhiteElo "1186"]
[BlackElo "1470"]
[PlyCount "80"]
[EventDate "2014.??.??"]

1. d4 d5 2. Nf3 c6 3. Bf4 Nf6 4. e3 Bg4 5. c4 e6 6. Nc3 Bb4 7. a3 Bxc3+ 8. bxc3
Bxf3 9. Qxf3 Qa5 10. e4 Nxe4 11. Bd2 Nxd2 12. Kxd2 Qb6 13. Kc2 Nd7 14. Qg3 O-O
15. Be2 Nf6 16. Rhb1 Qa6 17. h4 dxc4 18. h5 h6 19. Qe3 Rab8 20. g4 Qa5 21. Rg1
Qg5 22. f4 Nd5 23. fxg5 Nxe3+ 24. Kd2 Nd5 25. gxh6 gxh6 26. g5 Kh7 27. g6+ fxg6
28. hxg6+ Kg7 29. Bxc4 Rf2+ 30. Ke1 Rf3 31. Kd2 b5 32. Bd3 Rf2+ 33. Ke1 Rbf8
34. c4 bxc4 35. Bxc4 Rc2 36. Bd3 Rc3 37. Be4 Re3+ 38. Kd2 Rxe4 39. Rab1 Rxd4+
40. Ke2 Nc3+ 0-1

[Event "Brok, OSW Rzemieslnik"]
[Site "Brok, OSW Rzemieslnik"]
[Date "2014.10.07"]
[Round "3.1"]
[White "Jarzebowski, Kacper"]
[Black "Laszczak, Przemyslaw"]
[Result "0-1"]
[WhiteElo "1670"]
[BlackElo "1710"]
[PlyCount "124"]
[EventDate "2014.??.??"]

1. e4 c6 2. Nf3 d5 3. Nc3 Nf6 4. e5 Ne4 5. d4 Nxc3 6. bxc3 e6 7. c4 c5 8. cxd5
Qxd5 9. c3 cxd4 10. Qxd4 Bc5 11. Qg4 g6 12. Bg5 Nd7 13. Bc4 Nxe5 14. Qf4 Nxf3+
15. gxf3 Bd6 16. Bxd5 Bxf4 17. Bxf4 exd5 18. O-O-O Be6 19. Be5 Rg8 20. Bf6 Rc8
21. Rd2 Rc4 22. Bd4 b6 23. h4 h5 24. Rg1 g5 25. f4 g4 26. Re2 Kd7 27. Re5 f5
28. Rge1 Rc6 29. R1e3 Rg6 30. Kb2 a6 31. a3 b5 32. Kc2 Rc4 33. Rd3 a5 34. Kb3
Rg8 35. Rde3 Re8 36. Kb2 b4 37. axb4 axb4 38. Rd3 bxc3+ 39. Bxc3 Rb8+ 40. Kc2
Rxf4 41. Re2 Rc4 42. Kd2 Ra8 43. Ke1 Ra3 44. Kd2 Ra2+ 45. Ke1 Rxe2+ 46. Kxe2 f4
47. Bd4 Bf5 48. Rd2 Be4 49. Be5 Ke6 50. Bxf4 Bf3+ 51. Ke3 Re4+ 52. Kd3 Rxf4 53.
Rb2 Ke5 54. Rb8 Be4+ 55. Ke3 d4+ 56. Ke2 d3+ 57. Ke3 Rf3+ 58. Kd2 Rxf2+ 59. Ke1
g3 60. Re8+ Kd4 61. Rg8 d2+ 62. Kd1 Bf3+ 0-1

[Event "Brok, OSW Rzemieslnik"]
[Site "Brok, OSW Rzemieslnik"]
[Date "2014.10.07"]
[Round "3.2"]
[White "Fus, Jakub"]
[Black "Hrymowicz, Artur"]
[Result "1-0"]
[WhiteElo "1558"]
[BlackElo "1554"]
[PlyCount "84"]
[EventDate "2014.??.??"]

1. d4 c5 2. d5 Nf6 3. c4 b5 4. cxb5 a6 5. b6 d6 6. Nc3 Qxb6 7. e4 g6 8. Nf3
Nbd7 9. Qc2 Bg7 10. Be2 O-O 11. O-O a5 12. a4 Ba6 13. Nb5 Rfc8 14. h3 Ne8 15.
Nd2 Nc7 16. Nc4 Qb8 17. Nca3 Bxb5 18. Nxb5 Na6 19. Bd2 Nb4 20. Qb1 Nb6 21. Bc3
Bh6 22. f4 Bg7 23. Bxg7 Kxg7 24. Qd1 Rd8 25. Ra3 e6 26. f5 exd5 27. exd5 N6xd5
28. Bf3 Qb7 29. f6+ Kh8 30. Qd2 c4 31. Nc3 Qb6+ 32. Kh1 Ne3 33. Re1 Nbc2 34.
Nd5 Nxd5 35. Qxc2 Nb4 36. Qxc4 d5 37. Qf4 Nc2 38. Re7 Nxa3 39. Rxf7 Qe6 40. Rg7
Qe1+ 41. Kh2 Rac8 42. Re7 Qf1 1-0

[Event "Brok, OSW Rzemieslnik"]
[Site "Brok, OSW Rzemieslnik"]
[Date "2014.10.07"]
[Round "3.4"]
[White "Zolkiewski, Jakub"]
[Black "Piotrowicz, Jakub"]
[Result "1-0"]
[WhiteElo "1517"]
[BlackElo "1470"]
[PlyCount "37"]
[EventDate "2014.??.??"]

1. d4 d5 2. c4 c6 3. g3 Bf5 4. Bg2 Nf6 5. Nf3 dxc4 6. O-O e6 7. Nbd2 b5 8. a4
Ne4 9. axb5 cxb5 10. Nh4 Qd5 11. g4 Bg6 12. Nxg6 hxg6 13. Nxe4 Qd7 14. h3 Nc6
15. Be3 f5 16. gxf5 gxf5 17. Nc5 Bxc5 18. dxc5 Qc7 19. Ra6 1-0

[Event "Brok, OSW Rzemieslnik"]
[Site "Brok, OSW Rzemieslnik"]
[Date "2014.10.07"]
[Round "3.6"]
[White "Kowalski, Bogdan"]
[Black "Opoka, Szymon"]
[Result "0-1"]
[WhiteElo "1227"]
[BlackElo "1256"]
[PlyCount "108"]
[EventDate "2014.??.??"]

1. e4 d6 2. d4 Nf6 3. Nc3 g6 4. Nf3 Bg7 5. Bf4 O-O 6. h3 c6 7. Bd3 Nbd7 8. O-O
b5 9. e5 dxe5 10. dxe5 Ne8 11. Qd2 Nc5 12. Rad1 Ba6 13. b4 Ne6 14. Bh6 N8c7 15.
Bxg7 Kxg7 16. Ng5 Nxg5 17. Qxg5 Ne6 18. Qg3 Qc7 19. Ne4 Bc8 20. f4 Nd4 21. Nc5
Qb6 22. Kh1 Nf5 23. Bxf5 Bxf5 24. h4 h5 25. Nd7 Bxd7 26. Rxd7 e6 27. f5 exf5
28. Rxf5 Rad8 29. Rxd8 Rxd8 30. Rxh5 Rd1+ 31. Kh2 Qg1+ 32. Kh3 Qh1+ 33. Kg4
gxh5+ 34. Kxh5+ Kf8 35. Qg5 Qe1 36. g4 Rd5 37. Kh6 Qxe5 38. Qxe5 Rxe5 39. g5
Kg8 40. Kh5 Re2 41. Kg4 Rxc2 42. h5 Rc4+ 43. Kf5 Rxb4 44. h6 Rd4 45. Kf6 c5 46.
g6 Rd6+ 47. Kg5 Rxg6+ 48. Kh5 Kh7 49. a3 c4 50. Kh4 c3 51. a4 bxa4 52. Kh5 c2
53. Kh4 c1=Q 54. Kh3 Qh1# 0-1

[Event "Brok, OSW Rzemieslnik"]
[Site "Brok, OSW Rzemieslnik"]
[Date "2014.10.08"]
[Round "4.1"]
[White "Laszczak, Przemyslaw"]
[Black "Maminski, Hubert"]
[Result "1-0"]
[WhiteElo "1710"]
[BlackElo "1704"]
[PlyCount "59"]
[EventDate "2014.??.??"]

1. d4 Nf6 2. c4 g6 3. Nc3 d5 4. cxd5 Nxd5 5. e4 Nxc3 6. bxc3 Bg7 7. Nf3 O-O 8.
Be2 c5 9. Rb1 Nc6 10. Be3 cxd4 11. cxd4 Qa5+ 12. Bd2 Qxa2 13. d5 Nd4 14. Nxd4
Bxd4 15. O-O b6 16. Bb5 a6 17. Bc6 Ra7 18. Bh6 Bc5 19. Bxf8 Kxf8 20. Qc1 Bd7
21. Qf4 Bd6 22. Qh6+ Kg8 23. Bxd7 Rxd7 24. Rxb6 Rd8 25. Rc1 a5 26. Rbc6 Qb2 27.
Rc8 Qb6 28. Qe3 Qxe3 29. Rxd8+ Kg7 30. fxe3 1-0

[Event "Brok, OSW Rzemieslnik"]
[Site "Brok, OSW Rzemieslnik"]
[Date "2014.10.08"]
[Round "4.2"]
[White "Hrymowicz, Artur"]
[Black "Jarzebowski, Kacper"]
[Result "1/2-1/2"]
[WhiteElo "1554"]
[BlackElo "1670"]
[PlyCount "85"]
[EventDate "2014.??.??"]

1. e4 d5 2. exd5 Qxd5 3. Nc3 Qa5 4. d4 Nf6 5. Nf3 Bf5 6. Be2 e6 7. Bg5 Nbd7 8.
a3 c6 9. O-O Bd6 10. Nd2 Bxc2 11. Qxc2 Qxg5 12. Nc4 Bc7 13. Qb3 Nb6 14. Na4
Nfd7 15. Rad1 O-O 16. Ncxb6 axb6 17. Nc3 Qe7 18. Bf3 Nf6 19. Rfe1 Rfd8 20. g3
h6 21. d5 Rd6 22. dxe6 Rxe6 23. Rxe6 Qxe6 24. Qxe6 fxe6 25. Bg2 Kf7 26. Ne4 Nd5
27. Kf1 Ke7 28. Ke2 Be5 29. Rd2 Bd6 30. Kd1 b5 31. Kc2 Rd8 32. Bh3 b4 33. a4
Nf6 34. Re2 Re8 35. Nxf6 Kxf6 36. Rd2 Rd8 37. Re2 e5 38. Bg2 Bc5 39. Be4 g5 40.
g4 Bd4 41. f3 b6 42. Kb3 c5 43. Kc4 1/2-1/2

[Event "Brok, OSW Rzemieslnik"]
[Site "Brok, OSW Rzemieslnik"]
[Date "2014.10.08"]
[Round "4.3"]
[White "Zolkiewski, Jakub"]
[Black "Fus, Jakub"]
[Result "1/2-1/2"]
[WhiteElo "1517"]
[BlackElo "1558"]
[PlyCount "68"]
[EventDate "2014.??.??"]

1. d4 Nf6 2. c4 g6 3. Nc3 Bg7 4. e4 d6 5. f3 O-O 6. Be3 c6 7. Bd3 Nbd7 8. Nge2
a6 9. Qd2 e5 10. O-O-O Qa5 11. Kb1 b5 12. Rdg1 Bb7 13. h4 exd4 14. Nxd4 Ne5 15.
Nb3 Qc7 16. c5 dxc5 17. Nxc5 Nfd7 18. Qc2 Nxc5 19. Bxc5 Rfd8 20. Be2 Bh6 21.
Rd1 Rxd1+ 22. Rxd1 Rd8 23. a3 Bc8 24. Rd4 Rxd4 25. Bxd4 Qd6 26. Bf2 Be6 27. Nd1
Nc4 28. Qd3 Qxd3+ 29. Bxd3 Nd2+ 30. Ka1 Nb3+ 31. Kb1 Nd2+ 32. Ka1 Nb3+ 33. Kb1
Nd2+ 34. Ka1 Nb3+ 1/2-1/2

[Event "Brok, OSW Rzemieslnik"]
[Site "Brok, OSW Rzemieslnik"]
[Date "2014.10.08"]
[Round "4.6"]
[White "Jordan, Adam"]
[Black "Kowalski, Bogdan"]
[Result "1-0"]
[WhiteElo "1186"]
[BlackElo "1227"]
[PlyCount "77"]
[EventDate "2014.??.??"]

1. d4 d5 2. Nf3 Nf6 3. Bf4 e6 4. e3 Nc6 5. c4 b6 6. Nc3 Bb4 7. Be2 Bxc3+ 8.
bxc3 Ba6 9. Qa4 Bb7 10. Ne5 O-O 11. O-O Nxe5 12. Bxe5 Ne4 13. Qc2 f6 14. Bg3
Nd6 15. Qb3 Ne4 16. Qc2 Nd6 17. Bxd6 Qxd6 18. Qb3 a5 19. c5 Qc6 20. Bb5 Qxb5
21. Qxb5 Ba6 22. Qb2 Bxf1 23. Kxf1 bxc5 24. dxc5 Rab8 25. Qa3 Rb5 26. c6 Rfb8
27. Qe7 h6 28. Qxc7 Rb1+ 29. Rxb1 Rxb1+ 30. Ke2 Rb2+ 31. Kf3 Rxa2 32. Qb8+ Kh7
33. c7 a4 34. c8=Q a3 35. Qh8+ Kg6 36. Qc7 Ra1 37. Qhxg7+ Kh5 38. g4+ Kh4 39.
Qxh6# 1-0

[Event "Brok, OSW Rzemieslnik"]
[Site "Brok, OSW Rzemieslnik"]
[Date "2014.10.08"]
[Round "5.1"]
[White "Hrymowicz, Artur"]
[Black "Laszczak, Przemyslaw"]
[Result "1/2-1/2"]
[WhiteElo "1554"]
[BlackElo "1710"]
[PlyCount "131"]
[EventDate "2014.??.??"]

1. e4 c6 2. d4 d5 3. exd5 cxd5 4. Bd3 Nc6 5. c3 Nf6 6. Nf3 Bg4 7. Bf4 e6 8. O-O
Be7 9. Re1 O-O 10. Nbd2 Bh5 11. Qb3 Qc8 12. Ne5 Nxe5 13. Bxe5 Bg6 14. Bxg6 hxg6
15. Nf3 a6 16. a4 Nd7 17. Bg3 b6 18. Rac1 Qb7 19. Ne5 Nxe5 20. Bxe5 Rfc8 21.
Qd1 b5 22. Qb3 Qc6 23. axb5 axb5 24. Ra1 Qc4 25. Qxc4 bxc4 26. Rxa8 Rxa8 27.
Rb1 Ra7 28. Kf1 Rb7 29. Bf4 Ra7 30. b4 cxb3 31. Rxb3 f6 32. Bg3 g5 33. Ke2 Kf7
34. Kd3 f5 35. Be5 Bf6 36. Bd6 Ra2 37. Ke3 g4 38. Rb7+ Kg6 39. Rb1 Bg5+ 40. f4
Bh4 41. g3 Bd8 42. Rh1 Ba5 43. Kd3 Rf2 44. Bb4 Bc7 45. Ke3 Ra2 46. Kd3 Kf6 47.
c4 g5 48. fxg5+ Kxg5 49. Bd2+ f4 50. Bxf4+ Bxf4 51. gxf4+ Kxf4 52. c5 Ra4 53.
Rf1+ Kg5 54. Rh1 Ra3+ 55. Kd2 Kf5 56. c6 Ke4 57. c7 Ra8 58. Re1+ Kxd4 59. Rxe6
Rc8 60. Re7 Kc5 61. Rg7 Kd6 62. Rxg4 Rxc7 63. Kd3 Rh7 64. Kd4 Rxh2 65. Rg6+ Kd7
66. Kxd5 1/2-1/2

[Event "Brok, OSW Rzemieslnik"]
[Site "Brok, OSW Rzemieslnik"]
[Date "2014.10.08"]
[Round "5.2"]
[White "Fus, Jakub"]
[Black "Jarzebowski, Kacper"]
[Result "1-0"]
[WhiteElo "1558"]
[BlackElo "1670"]
[PlyCount "97"]
[EventDate "2014.??.??"]

1. Nf3 Nf6 2. c4 e6 3. g3 d5 4. d4 b6 5. Bg2 Bb7 6. Ne5 Nbd7 7. Qa4 Bd6 8. Nc6
Bxc6 9. Qxc6 O-O 10. cxd5 exd5 11. Nc3 Qe7 12. Nxd5 Nxd5 13. Bxd5 Nf6 14. Bf3
Bb4+ 15. Kf1 Rad8 16. e3 g5 17. h3 h5 18. a3 Bd6 19. Qc2 Qe6 20. e4 Nh7 21.
Bxh5 c5 22. Bg4 Qe7 23. e5 Qb7 24. Kg1 Rfe8 25. Bf5 Nf8 26. Bxg5 Be7 27. Bxe7
Qxe7 28. dxc5 Qxe5 29. Bg4 bxc5 30. Kg2 Ng6 31. Rhd1 Rb8 32. Rab1 Red8 33. b3
Rd4 34. Bf3 Qg5 35. Rxd4 cxd4 36. Qe4 Rd8 37. h4 Qf6 38. Rd1 Kh8 39. b4 a6 40.
Be2 Rd6 41. Bd3 Qg7 42. Qa8+ Qg8 43. Qxg8+ Kxg8 44. Bxg6 fxg6 45. Kf3 Rf6+ 46.
Ke2 Rd6 47. Rd2 Kf7 48. Kd3 a5 49. b5 1-0

[Event "Brok, OSW Rzemieslnik"]
[Site "Brok, OSW Rzemieslnik"]
[Date "2014.10.08"]
[Round "5.3"]
[White "Opoka, Szymon"]
[Black "Zolkiewski, Jakub"]
[Result "0-1"]
[WhiteElo "1256"]
[BlackElo "1517"]
[PlyCount "78"]
[EventDate "2014.??.??"]

1. e4 e6 2. d4 d5 3. Nc3 Bb4 4. exd5 exd5 5. Bd2 Nf6 6. Nf3 O-O 7. h3 Bf5 8.
Be2 c6 9. O-O Nbd7 10. a3 Bd6 11. Be3 Re8 12. Bd3 Ne4 13. Bxe4 dxe4 14. Nd2 Qh4
15. f3 Qg3 16. Ndxe4 Qh2+ 17. Kf2 Bxh3 18. Rg1 Be7 19. Kf1 Be6 20. b3 Nb6 21.
Qd3 Rad8 22. Nf2 Qc7 23. Rh1 g6 24. Qd2 Bf6 25. Ne2 Bf5 26. c3 Qe7 27. Ng3 Qxe3
28. Qxe3 Rxe3 29. Nxf5 gxf5 30. Nd1 Re7 31. Kf2 Rde8 32. Ra2 f4 33. Rh5 Kg7 34.
Rf5 Bh4+ 35. g3 Bxg3+ 36. Kg2 Re2+ 37. Rxe2 Rxe2+ 38. Kh3 Rh2+ 39. Kg4 Rh4+ 0-1

[Event "Brok, OSW Rzemieslnik"]
[Site "Brok, OSW Rzemieslnik"]
[Date "2014.10.08"]
[Round "5.4"]
[White "Maminski, Hubert"]
[Black "Piotrowicz, Jakub"]
[Result "1-0"]
[WhiteElo "1704"]
[BlackElo "1470"]
[PlyCount "121"]
[EventDate "2014.??.??"]

1. d4 d5 2. c4 c6 3. Nc3 Nf6 4. Nf3 e6 5. Bg5 Nbd7 6. e3 Qa5 7. Bxf6 Nxf6 8.
Bd3 dxc4 9. Bxc4 Nd5 10. Qb3 Bb4 11. Rc1 O-O 12. O-O Nxc3 13. bxc3 Bd6 14. Nd2
Qc7 15. f4 c5 16. Ne4 Be7 17. Bd3 b6 18. Qd1 Bb7 19. Qh5 g6 20. Qh3 Bd5 21. a3
Qc6 22. Ng5 Bxg5 23. fxg5 Qd6 24. Rf4 Qe7 25. e4 Qxg5 26. Rcf1 Bb7 27. Rg4 Qe7
28. e5 cxd4 29. cxd4 f5 30. exf6 Rxf6 31. Rxf6 Qxf6 32. Qg3 Rd8 33. Rf4 Qe7 34.
Be2 Rf8 35. Rxf8+ Kxf8 36. Qf4+ Kg7 37. Qe5+ Kh6 38. Qf4+ g5 39. Qe5 Bd5 40.
Qg3 Qf6 41. Qg4 Qf4 42. Qh3+ Kg7 43. Qc3 Qd6 44. Qe3 Qf4 45. Qc3 g4 46. Bf1 Qe4
47. Qc7+ Kh6 48. Qc1+ Kh5 49. Qc3 h6 50. Qd2 e5 51. dxe5 Qxe5 52. Qf2 Be6 53.
Qd2 Qc5+ 54. Kh1 Qxa3 55. Qf4 Qc5 56. Qf6 Qf5 57. Qa1 a5 58. Qd1 Bd7 59. h3 Be6
60. hxg4+ Qxg4 61. Be2 1-0

[Event "Brok, OSW Rzemieslnik"]
[Site "?"]
[Date "2014.10.09"]
[Round "6"]
[White "Laszczak, Przemyslaw"]
[Black "Zolkiewski, Jakub"]
[Result "1-0"]
[WhiteElo "1710"]
[BlackElo "1517"]
[PlyCount "120"]
[EventDate "2014.10.09"]
[SourceDate "2014.10.09"]

1. d4 Nf6 2. c4 g6 3. Nc3 d5 4. cxd5 Nxd5 5. e4 Nxc3 6. bxc3 Bg7 7. Bc4 c5 8.
Ne2 Qa5 9. O-O O-O 10. Be3 cxd4 11. cxd4 Nc6 12. Qc2 Rd8 13. Rfd1 Bd7 14. Rab1
Qc7 15. Rdc1 Qc8 16. Qb3 e6 17. Bd3 Qb8 18. Qxb7 Qxb7 19. Rxb7 Be8 20. Bg5 Rdc8
21. h3 a5 22. e5 Nb4 23. Be4 Rxc1+ 24. Nxc1 Rc8 25. a3 Nc6 26. Ne2 Bf8 27. Rb3
h6 28. Bd2 a4 29. Rc3 Na7 30. Rxc8 Nxc8 31. Bb4 Nb6 32. Bxf8 Kxf8 33. Nc3 Nc4
34. Nb1 Bb5 35. f4 Ke7 36. Kf2 Kd7 37. d5 exd5 38. Bxd5 Ke7 39. Bxc4 Bxc4 40.
Nc3 Bb3 41. Ke3 Ke6 42. g3 h5 43. Kd4 Kf5 44. Ne2 Bd1 45. Nc3 Bc2 46. Ke3 Ke6
47. Ne4 Kf5 48. Ng5 Bb3 49. Nf3 Ke6 50. Nd4+ Kd5 51. Nxb3 axb3 52. Kd3 b2 53.
Kc2 b1=Q+ 54. Kxb1 Kc4 55. Kb2 g5 56. fxg5 Kd5 57. a4 Kxe5 58. a5 Kd5 59. Kc3
Kc5 60. a6 Kb6 1-0

[Event "Brok, OSW Rzemieslnik"]
[Site "?"]
[Date "2014.10.09"]
[Round "6"]
[White "Maminski, Hubert"]
[Black "Fus, Jakub"]
[Result "1/2-1/2"]
[WhiteElo "1704"]
[BlackElo "1558"]
[PlyCount "82"]
[EventDate "2014.10.09"]
[SourceDate "2014.10.09"]

1. d4 Nf6 2. c4 g6 3. Nc3 Bg7 4. g3 O-O 5. Bg2 d6 6. Nf3 Nc6 7. O-O Bf5 8. Re1
Ne4 9. Nxe4 Bxe4 10. e3 Re8 11. Bd2 Qc8 12. Bc3 Nb8 13. Ng5 Bxg2 14. Kxg2 h6
15. Nf3 Nd7 16. Rc1 e5 17. Qc2 e4 18. Nd2 f5 19. b4 Nf6 20. c5 Qd7 21. Bb2 Qe7
22. cxd6 cxd6 23. Qc7 Nd5 24. Qxe7 Rxe7 25. a3 Ree8 26. Nc4 Bf8 27. Na5 Rab8
28. Rc2 Kf7 29. Rec1 Ke6 30. Kf1 h5 31. h4 Kd7 32. Ke2 Bh6 33. Bc3 b6 34. Nb3
Rbc8 35. Bd2 Rxc2 36. Rxc2 Rc8 37. Rxc8 Kxc8 38. b5 Kb7 39. Na1 Kc7 40. Nc2 Bf8
41. Nb4 Nxb4 1/2-1/2

[Event "Brok, OSW Rzemieslnik"]
[Site "?"]
[Date "2014.10.09"]
[Round "6"]
[White "Jordan, Adam"]
[Black "Hrymowicz, Artur"]
[Result "0-1"]
[WhiteElo "1186"]
[BlackElo "1554"]
[PlyCount "52"]
[EventDate "2014.10.09"]
[SourceDate "2014.10.09"]

1. d4 c5 2. Nf3 cxd4 3. Nxd4 d5 4. Nc3 e5 5. Nf3 Be6 6. e3 Nc6 7. Bb5 f6 8. O-O
Bb4 9. Bd2 Nge7 10. Ba4 O-O 11. Bb3 Bf7 12. Ne2 Bxd2 13. Qxd2 Na5 14. Ba4 Nc4
15. Qc1 Qa5 16. Bb3 b5 17. Rd1 Qb6 18. c3 Rac8 19. Bc2 Bh5 20. Qb1 f5 21. Ng3
Bxf3 22. gxf3 e4 23. fxe4 fxe4 24. a4 Nxe3 25. fxe3 Qxe3+ 26. Kh1 Rf2 0-1

[Event "Brok, OSW Rzemieslnik"]
[Site "?"]
[Date "2014.10.09"]
[Round "6"]
[White "Jarzebowski, Kacper"]
[Black "Opoka, Szymon"]
[Result "1-0"]
[WhiteElo "1670"]
[BlackElo "1256"]
[PlyCount "65"]
[EventDate "2014.10.09"]
[SourceDate "2014.10.09"]

1. e4 d6 2. d4 Nf6 3. Nc3 g6 4. Nf3 Bg7 5. Bc4 c6 6. O-O b5 7. Bd3 a6 8. a3 Bb7
9. Re1 Nbd7 10. Bf4 O-O 11. Qd2 c5 12. dxc5 Nxc5 13. Bh6 Nxd3 14. cxd3 Rc8 15.
Bxg7 Kxg7 16. Qe3 Re8 17. d4 Qb6 18. Red1 b4 19. axb4 Qxb4 20. Qe2 e6 21. Ra4
Qb6 22. h3 Qc6 23. Nd2 Nd7 24. Rc4 Qb6 25. Rxc8 Rxc8 26. Nc4 Qb4 27. Ne3 Nf6
28. f3 a5 29. d5 a4 30. Qb5 Qxb5 31. Nxb5 Rd8 32. dxe6 fxe6 33. Nxd6 1-0

[Event "Brok, OSW Rzemieslnik"]
[Site "?"]
[Date "2014.10.09"]
[Round "6"]
[White "Kowalski, Bogdan"]
[Black "Piotrowicz, Jakub"]
[Result "0-1"]
[WhiteElo "1227"]
[BlackElo "1470"]
[PlyCount "122"]
[EventDate "2014.10.09"]
[SourceDate "2014.10.09"]

1. e4 e5 2. Nf3 d5 3. exd5 e4 4. Ng1 Qxd5 5. Nc3 Qe5 6. Qe2 Nf6 7. Nf3 Qe7 8.
Ng5 Bf5 9. g3 h6 10. Bh3 Bxh3 11. Nxh3 Nc6 12. O-O Nd4 13. Qd1 Nf3+ 14. Kg2
O-O-O 15. Ng1 Nxg1 16. Kxg1 Nd5 17. Nxd5 Rxd5 18. Re1 f5 19. Qe2 g5 20. d3 Re5
21. Bd2 Bg7 22. Bc3 exd3 23. Qxd3 Rxe1+ 24. Rxe1 Qf7 25. Bxg7 Qxg7 26. Qxf5+
Kb8 27. Qe5 Qf8 28. Re3 Qd8 29. Rd3 Qe8 30. Qd4 a6 31. Qe3 Qc6 32. c3 Re8 33.
Qf3 Qxf3 34. Rxf3 Re2 35. Rf6 Rxb2 36. Rxh6 Rxa2 37. h4 gxh4 38. Rxh4 Rc2 39.
g4 Rxc3 40. g5 Rc5 41. Rg4 Rf5 42. g6 Rf8 43. g7 Rg8 44. f4 Kc8 45. f5 Kd7 46.
f6 Ke6 47. Rf4 Kf7 48. Kf2 b5 49. Ke2 Rd8 50. Ke3 c5 51. Ke4 Rd4+ 52. Kf5 Rxf4+
53. Kxf4 b4 54. Kg5 b3 55. Kh6 b2 56. Kg5 b1=Q 57. Kf4 Qe1 58. Kf3 Qe5 59. Kg4
Qxf6 60. g8=Q+ Kxg8 61. Kg3 Qf5 0-1